| 000 | 00696nam a2200205 a 4500 | ||
|---|---|---|---|
| 003 | 0 | ||
| 005 | 20250222111810.0 | ||
| 008 | 111115s19uu xx 00 eng d | ||
| 050 |
_aPGS BF 155 _b.C545 2011 |
||
| 100 | _aChoi, Hara. | ||
| 245 |
_aInternet usage and eating habits of SISC students / _cHara Choi. |
||
| 260 |
_aLas PiƱas City, Philippines : _bSouthville International School and Colleges, _c2011. |
||
| 300 |
_a19 pages : _billustrations ; _c28 cm. |
||
| 504 | _aIncludes bibliographical references. | ||
| 650 |
_aInternet usage _vChildren. |
||
| 650 |
_aEating habits _vChildren. |
||
| 650 |
_aMedia usage _vChildren. |
||
| 650 |
_aFood habits _vChildren. |
||
| 942 |
_2lcc _cPASS |
||
| 999 |
_c98633 _d98633 |
||